000 00570pam a2200181 a 4500
005 20250901165549.0
008 860904s1988 nyua 001 0 eng
010 _a 86021070
020 _a0070575231
050 0 0 _aQA76.5 .S5524 1988
_b.S5524 1988
082 0 0 _a004
_219
100 1 _aSilverman, Gordon.
245 1 0 _aComputers and computer languages /
_cGordon Silverman, David Turkiew.
260 _aNew York :
_bMcGraw-Hill,
_cc1988.
300 _ax, 580 p. :
_bill. ;
_c25 cm.
500 _aIncludes index.
942 _2lcc
_hQA76.5 .S5524 1988
999 _c5933
_d5933